000 00725nam a2200193 4500
005 20240130115658.0
010 _aENG-125129
020 _c610.00
_a9789354096396
035 _aEN-122610
037 _bDBAD/PUB
082 _a920
_22022
100 _aBose, Sugata
_961419
245 _aNetaji, A Life in Picture/
_cBy Bose,Sugata
260 _aNew Delhi
_bThe Director General , Publication division, Ministry of Information and Broadcasting, Goverment of India,
_c2022
270 _aSoochna bhawan, C.G.O. Complex, Lodhi Road, New Delhi-110003
_bNew Delhi
_e110003
_mwww.publicationsdivision.nic.in
300 _a128p.
_c21cm(HBK)
700 _aSumantra Bose
_eAuthor
_961420
942 _2ddc
_cEN
_h920
_mBos
999 _c200442
_d200442